| 000 | 00870nam a2200265Ia 4500 | ||
|---|---|---|---|
| 003 | OSt | ||
| 005 | 20220918170804.0 | ||
| 006 | a|||||r|||| 00| 0 | ||
| 007 | ta | ||
| 008 | 220917b |||||||| |||| 00| 0 eng d | ||
| 020 |
_a9780521612746 (pbk) _c3203.84 |
||
| 024 | _a236,503 | ||
| 037 |
_b172, 03/11/2008, N. R. Book Distributors _cTextual |
||
| 040 |
_aARTS _cARTS _beng |
||
| 041 |
_2eng _aeng |
||
| 082 | _aS:44, P8 | ||
| 100 |
_aAdler Jonathan E. Ed. _931207 |
||
| 245 | 0 |
_aReasoning _b studies of human inference and its foundations |
|
| 260 |
_aCambridge _bCambridge University Press USA _c2008 |
||
| 300 |
_axiv, 1057p. _ccm. |
||
| 650 | _aPSYCHOLOGY | ||
| 700 |
_a Rips Lance J. Ed. _931208 |
||
| 942 |
_hS:44, P8 _cTEXL _2CC |
||
| 999 |
_c135785 _d135785 |
||